书目信息 |
| 题名: |
北狼动地来?
|
|
| 作者: | 赵俊杰 , 高华 主编 | |
| 分册: | ||
| 出版信息: | 北京 中国社会科学出版社 2011.08 |
|
| 页数: | 370页 | |
| 开本: | 24cm | |
| 丛书名: | ||
| 单 册: | ||
| 中图分类: | E161 , D814.1 | |
| 科图分类: | ||
| 主题词: | 国家安全--guo jia an quan--研究--中国 | |
| 电子资源: | ||
| ISBN: | 978-7-5161-0242-8 | |
| 000 | 01490nam0 2200313 450 | |
| 001 | 2328974728 | |
| 005 | 20231124080310.20 | |
| 010 | @a978-7-5161-0242-8@dCNY56.00@z7-5161-0242-3 | |
| 100 | @a20111226d2011 em y0chiy50 ea | |
| 101 | 0 | @achi |
| 102 | @aCN@b110000 | |
| 105 | @ay a 000yy | |
| 200 | 1 | @a北狼动地来?@Abei lang dong di lai?@e北约战略调整与欧盟共同防务及其对中国安全环境的影响@d= Nato: is wolf coming?@enato' strategic adjustment & esdp: impact on China' security environment@f赵俊杰, 高华主编@zeng |
| 210 | @a北京@c中国社会科学出版社@d2011.08 | |
| 215 | @a370页@d24cm | |
| 300 | @a本书获中国社会科学院出版基金资助 | |
| 320 | @a有书目 (第357-366页) | |
| 330 | @a本书共分为七章, 主要内容包括: 北约及其战略调整 ; 北约新战略的实施效果及前景 ; 欧盟共同安全与防务政策 ; 欧美在防务战略上的利益异同等。 | |
| 510 | 1 | @aNato: is wolf coming?@enato' strategic adjustment & esdp: impact on China' security environment@zeng |
| 517 | 1 | @a北约战略调整与欧盟共同防务及其对中国安全环境的影响@Abei yue zhan lue tiao zheng yu ou meng gong tong fang wu ji qi dui zhong guo an quan huan jing de ying xiang |
| 601 | 02 | @a北大西洋公约组织@Abei da xi yang gong yue zu zhi@x战略@x研究 |
| 601 | 02 | @a欧洲国家联盟@Aou zhou guo jia lian meng@x研究 |
| 606 | 0 | @a国家安全@Aguo jia an quan@x研究@y中国 |
| 690 | @aE161@v4 | |
| 690 | @aD814.1@v4 | |
| 701 | 0 | @a赵俊杰@Azhao jun jie@4主编 |
| 701 | 0 | @a高华@Agao hua@4主编 |
| 801 | 0 | @aCN@bRENTIAN@c20111226 |
| 905 | @aBZT@dE161@e2 | |
| 北狼动地来?:北约战略调整与欧盟共同防务及其对中国安全环境的影响= Nato: is wolf coming?:nato' strategic adjustment & esdp: impact on China' security environment/赵俊杰, 高华主编.-北京:中国社会科学出版社,2011.08 |
| 370页;24cm |
| 本书获中国社会科学院出版基金资助 |
| ISBN 978-7-5161-0242-8:CNY56.00 |
| 本书共分为七章, 主要内容包括: 北约及其战略调整 ; 北约新战略的实施效果及前景 ; 欧盟共同安全与防务政策 ; 欧美在防务战略上的利益异同等。 |
| ● |
| 相关链接 |
|
|
|
正题名:北狼动地来?
索取号:E161/2
 
预约/预借
| 序号 | 登录号 | 条形码 | 馆藏地/架位号 | 状态 | 备注 |
| 1 | 2001108893 | 2001108893 | 东辅楼二楼书库/ [索取号:E161/2] | 在馆 | |
| 2 | 2001108894 | 2001108894 | 东辅楼二楼书库/ [索取号:E161/2] | 在馆 | |
| 3 | 2001108895 | 2001108895 | 东辅楼二楼书库/ [索取号:E161/2] | 在馆 | |
| 4 | 2001108896 | 2001108896 | 东辅楼二楼书库/ [索取号:E161/2] | 在馆 | |
| 5 | 2001108897 | 2001108897 | 东辅楼二楼书库/ [索取号:E161/2] | 在馆 | |
| 6 | 2001108898 | 2001108898 | 东辅楼二楼书库/ [索取号:E161/2] | 在馆 | |
| 7 | 2001108899 | 2001108899 | 东辅楼二楼书库/ [索取号:E161/2] | 在馆 | |
| 8 | 2001108900 | 2001108900 | 东辅楼二楼书库/ [索取号:E161/2] | 在馆 | |
| 9 | 2001108901 | 2001108901 | 东辅楼二楼书库/ [索取号:E161/2] | 在馆 | |
| 10 | 2001108902 | 2001108902 | 东辅楼二楼书库/ [索取号:E161/2] | 在馆 | |
| 11 | 2001108903 | 2001108903 | 东辅楼二楼书库/ [索取号:E161/2] | 在馆 | |
| 12 | 2001108904 | 2001108904 | 东辅楼二楼书库/ [索取号:E161/2] | 在馆 | |
| 13 | 2001108905 | 2001108905 | 东辅楼二楼书库/ [索取号:E161/2] | 在馆 | |
| 14 | 2001108906 | 2001108906 | 东辅楼二楼书库/ [索取号:E161/2] | 在馆 | |
| 15 | 2001108907 | 2001108907 | 东辅楼二楼书库/ [索取号:E161/2] | 在馆 | |
| 16 | 2001108908 | 2001108908 | 东辅楼二楼书库/ [索取号:E161/2] | 在馆 | |
| 17 | 2001108909 | 2001108909 | 东辅楼二楼书库/ [索取号:E161/2] | 在馆 | |
| 18 | 2001108910 | 2001108910 | 东辅楼二楼书库/ [索取号:E161/2] | 在馆 | |
| 19 | 2001108911 | 2001108911 | 东辅楼二楼书库/ [索取号:E161/2] | 在馆 | |
| 20 | 2001108912 | 2001108912 | 东辅楼二楼书库/ [索取号:E161/2] | 在馆 | |
| 21 | 2001108913 | 2001108913 | 东辅楼二楼书库/ [索取号:E161/2] | 在馆 | |
| 22 | 2001108914 | 2001108914 | 东辅楼二楼书库/ [索取号:E161/2] | 在馆 | |
| 23 | 2001108915 | 2001108915 | 东辅楼二楼书库/ [索取号:E161/2] | 在馆 | |
| 24 | 2001108916 | 2001108916 | 东辅楼二楼书库/ [索取号:E161/2] | 在馆 | |
| 25 | 2001108917 | 2001108917 | 东辅楼二楼书库/ [索取号:E161/2] | 在馆 | |
| 26 | 2001108918 | 2001108918 | 东辅楼二楼书库/ [索取号:E161/2] | 在馆 | |
| 27 | 2001108919 | 2001108919 | 东辅楼二楼书库/ [索取号:E161/2] | 在馆 | |
| 28 | 2001108920 | 2001108920 | 东辅楼二楼书库/ [索取号:E161/2] | 在馆 | |
| 29 | 2001108921 | 2001108921 | 东辅楼二楼书库/ [索取号:E161/2] | 在馆 | |
| 30 | 2001108922 | 2001108922 | 东辅楼二楼书库/ [索取号:E161/2] | 在馆 |